000 00670nam a2200229 a 4500
001 54794
003 BD-RjUL
005 20211209080153.0
008 161110s1968 enk 000 0 eng d
020 _a0710062435
035 _a(BD-RjUL)54916
040 _aBD-RjUL
_beng
_cBD-RjUL
041 _aeng
082 _a823.7
_223
_bCRI 1968
245 0 0 _aCritical essays on Emma Jane Austen /
_cB. C. Southam
260 _aLondon :
_bRoutledge & K. Paul,
_c1968.
300 _axvi, 206 p. ;
_c21 cm
504 _aIncludes Bibliographical References and Index
600 1 0 _aAusten, Jane,
_d1775-1817.
_tEmma.
_9163343
700 _aSoutham, B. C.
_9163342
942 _2ddc
_cBK
999 _c54794
_d54794